El Civil y Comercial de la Nación, las directivas anticipadas y su interacción con la jurisprudencia / (Registro nro. 6257)
[ vista simple ]
| 000 -LEADER | |
|---|---|
| fixed length control field | 01042nab a22002297a 4500 |
| 003 - CONTROL NUMBER IDENTIFIER | |
| control field | OSt |
| 005 - DATE AND TIME OF LATEST TRANSACTION | |
| control field | 20260128020823.0 |
| 008 - FIXED-LENGTH DATA ELEMENTS--GENERAL INFORMATION | |
| fixed length control field | 190514b xxu||||| |||| 00| 0 spa d |
| 040 ## - CATALOGING SOURCE | |
| Transcribing agency | PJ |
| 100 ## - MAIN ENTRY--PERSONAL NAME | |
| 9 (RLIN) | 2251 |
| Personal name | Flah, Lily R. |
| 245 13 - TITLE STATEMENT | |
| Title | El Civil y Comercial de la Nación, las directivas anticipadas y su interacción con la jurisprudencia / |
| Statement of responsibility, etc | Lily R. Flah, Rosana I. Aguilar. |
| 300 ## - PHYSICAL DESCRIPTION | |
| Extent | p. 76-86 |
| 500 ## - GENERAL NOTE | |
| General note | Cita: TR LALEY AR/DOC/2505/2025. |
| 505 ## - FORMATTED CONTENTS NOTE | |
| Formatted contents note | Sumario: I. Introducción.— II. El derecho a la autodeterminación como derivación del principio de dignidad humana.— III. Las directivas anticipadas en la legislación nacional. |
| 505 ## - FORMATTED CONTENTS NOTE | |
| Title | Si te interesa el texto, comunicate a koha@justierradelfuego.gov.ar |
| 650 #0 - SUBJECT ADDED ENTRY--TOPICAL TERM | |
| 9 (RLIN) | 967 |
| Topical term or geographic name as entry element | DERECHO DE FAMILIA |
| 650 #0 - SUBJECT ADDED ENTRY--TOPICAL TERM | |
| 9 (RLIN) | 1497 |
| Topical term or geographic name as entry element | CODIGO CIVIL Y COMERCIAL |
| 650 #0 - SUBJECT ADDED ENTRY--TOPICAL TERM | |
| 9 (RLIN) | 1057 |
| Topical term or geographic name as entry element | JURISPRUDENCIA APLICABLE |
| 700 ## - ADDED ENTRY--PERSONAL NAME | |
| 9 (RLIN) | 3801 |
| Personal name | Aguilar, Rosana I. |
| 773 0# - HOST ITEM ENTRY | |
| Host Biblionumber | 2844 |
| Host Itemnumber | 3222 |
| Place, publisher, and date of publication | Buenos Aires : AbeledoPerrot, 1989- |
| Title | Derecho de familia. N° 122 - Noviembre 2025 |
| International Standard Book Number | 18511201 |
| 942 ## - ADDED ENTRY ELEMENTS (KOHA) | |
| Source of classification or shelving scheme | |
| Koha item type | Analítica Artículo de Revista |
No hay ítems disponibles.
